Forecasting and planning

Αποθηκεύτηκε σε:
Λεπτομέρειες βιβλιογραφικής εγγραφής
Άλλοι συγγραφείς: Fildes, Robert (Επιμελητής έκδοσης), Wood, Douglas (Επιμελητής έκδοσης)
Μορφή: Βιβλίο
Γλώσσα:English
Δημοσίευση: Farnborough, Eng. : Gower, 1978
Θέματα:
Ετικέτες: Προσθήκη ετικέτας
Δεν υπάρχουν, Καταχωρήστε ετικέτα πρώτοι!

MARC

LEADER 00000nam a2200000 i 4500
001 1/52220
008 950813s1978 eng d
020 |a 0566001691  |c Ή12.50 
035 |l 10027303 
040 |a GR-MY-UA  |b gre  |e aacr 
041 0 |a eng 
082 0 |a 658.1514 
245 1 0 |a Forecasting and planning /  |c edited by R. Fildes and D. Wood 
260 |a Farnborough, Eng. :   |b Gower,   |c 1978 
300 |a ix, 203 p.;  |b ill.;  |c 23 cm 
504 |a Includes bibliographical references and index 
650 0 0 |a Business forecasting. 
650 0 0 |a Business planning. 
650 0 0 |a Speeches, addresses, etc. 
700 1 |a Fildes, Robert.  |4 edt 
700 1 |a Wood, Douglas.  |4 edt 
852 |a INST  |b CHIOS  |e 19950813  |h 658.1514 FOR  |p 005200005498  |q 005200005498  |t BK  |y 0 
909 |a Χ  |b 000302